Mravenci a krevety

Saved in:
Bibliographic Details
Main Author Přemysl, Krejčík
Format Electronic eBook
LanguageCzech
Published Laser 2025
Edition1. elektronické vydání
Subjects
Online AccessDostupné v BOOKPORT po přihlášení pomocí eduID
ISBN978-80-284-0447-5
978-80-284-0446-8
Physical Description1 online zdroj (304 stran)

Cover

LEADER 00000nam a2200000 i 4500
001 bkp769614954
003 CZ-prgp
005 20260521145308.0
006 m o d
007 cr cn
008 260521s2025 xr o 000 1 cze
020 |a 978-80-284-0447-5  |c 319 Kč  |q (online ; epub) 
020 |a 978-80-284-0446-8  |c 319 Kč  |q (print) 
040 |a Grada  |b cze  |e rda 
100 1 |a Přemysl, Krejčík 
245 1 0 |a Mravenci a krevety  |c Krejčík Přemysl 
250 |a 1. elektronické vydání 
264 1 |b Laser  |c 2025 
300 |a 1 online zdroj (304 stran) 
336 |a text  |b txt  |2 rdacontent 
337 |a počítač  |b c  |2 rdamedia 
338 |a online zdroj  |b cr  |2 rdacarrier 
520 3 |a Dvě mladé ženy a jedna plyšová lvice se vydávají na fantastickou cestu, v níž ožívají mýty i městské legendy. Na zádech krevet a v doprovodu mořských lidí odhalují skrytá zákoutí známých míst, ale především pátrají po tajemném zabijákovi. Jeho stopy hledají v zákoutích italským měst a městeček, ale také ve staré boloňské knihovně, na dně Comského jezera nebo ve snech o Neapoli. Putování na hranici reality a snu, kde mají prastaré příběhy stejnou moc jako nedávné události, je iniciační cestou, na jejímž konci není nikdo tím, kým byl na začátku. Ale možná se konečně stane tím, kým už dávno být měl. "Neuctivě reinterpretační, zábavně konspirační, lehce akční a zběsile imaginativní! Miluju popis záludností, které v Pise spáchal Ďábel, když procházel městem. Miluju archaicky mluvícího mořského koníka!" - Lucie Lukačovičová, spisovatelka "Nech brouka žít - a krevety též! Právě to si odnáším z této rozšafné fantastické jízdy, kterou nám Přemysl Krejčík předložil. Jeho kniha vás donutí zajet si do Itálie a projít všechna místa, kam zavítaly i její hrdinky. Budete hledat dlažební kostku trochu jiné barvy, nebo zkusíte večer, když se nikdo nebude koukat, jestli se skrz fontánu nedostanete do skryté části města. Četba Mravenců a krevet je jako procházka galerií. Po čertech chytré a zábavné čtení." - Oldřich Suchý, @zanicenyknihkupec 
650 0 4 |a Sci-fi, fantasy 
856 4 0 |u https://www.bookport.cz/AccountSaml/SignIn/?idp=https://shibboleth.utb.cz/idp/shibboleth&returnUrl=/kniha/mravenci-a-krevety-16089/  |y Dostupné v BOOKPORT po přihlášení pomocí eduID